Marketing Fundamentals (Record no. 6238)

MARC details
005 - DATE AND TIME OF LATEST TRANSACTION
control field 20250629094444.0
020 ## - INTERNATIONAL STANDARD BOOK NUMBER
International Standard Book Number 0-8273-4848-7
082 ## - DEWEY DECIMAL CLASSIFICATION NUMBER
Classification number 658.8 HUS
100 ## - MAIN ENTRY--PERSONAL NAME
Author name HUSTED, S. W.
245 ## - TITLE STATEMENT
Title Marketing Fundamentals
300 ## - PHYSICAL DESCRIPTION
Extent xvii,567p.; ill.; picture
Other physical details Index
Dimensions 25cm
700 ## - ADDED ENTRY--PERSONAL NAME
Other authors/Editors VARBLE, D.
942 ## - ADDED ENTRY ELEMENTS (KOHA)
Source of classification or shelving scheme Dewey Decimal Classification
Koha item type Books
Holdings
Date last seen Total checkouts Full call number Barcode Cost, replacement price Price effective from Koha item type Lost status Source of classification or shelving scheme Damaged status Not for loan Withdrawn status Home library Current library Shelving location Date acquired Cost, normal purchase price
06/29/2025   658.8 HUS DOM0004228 150000.00 06/29/2025 Books   Dewey Decimal Classification       CBE Dodoma CBE Dodoma General Collection 06/03/2015 50000.00